1º Congreso Latinoamericano de Discapacidad en Pediatria; 1º Congreso Argentino de Discapacidad en Pediatria (Registro nro. 1795)

Detalles MARC
000 -LEADER
fixed length control field 00801nam a2200205 a 4500
003 - CONTROL NUMBER IDENTIFIER
control field OSt
005 - FECHA ULTIMA MODIFICACION
control field 20131016132117.0
008 - FIXED-LENGTH DATA ELEMENTS--GENERAL INFORMATION
fixed length control field 131016s2001 ag ||||| |||| 10| 0 spa d
040 ## - CATALOGING SOURCE
Transcribing agency Biblioteca Medicina
041 ## - LANGUAGE CODE
Language code of text/sound track or separate title spa
082 ## - DEWEY DECIMAL CLASSIFICATION NUMBER
Item number CONGRESOS 022
110 2# - MAIN ENTRY--CORPORATE NAME
Corporate name or jurisdiction name as entry element Asociacion Latinoamericana de Pediatria
9 (RLIN) 2703
245 00 - TITLE STATEMENT
Title 1º Congreso Latinoamericano de Discapacidad en Pediatria; 1º Congreso Argentino de Discapacidad en Pediatria
260 ## - PUBLICATION, DISTRIBUTION, ETC. (IMPRINT)
Place of publication, distribution, etc BUenos Aires
Name of publisher, distributor, etc Asociacion Latinoamericana de Pediatria
-- Sociedad Argentina de Pediatria
Date of publication, distribution, etc 2001
300 ## - PHYSICAL DESCRIPTION
Extent 176 p.
518 ## - DATE/TIME AND PLACE OF AN EVENT NOTE
Date/time and place of an event note Buenos Aires, Argentina. 13 al 16 de Junio de 2001
653 ## - INDEX TERM--UNCONTROLLED
Uncontrolled term PEDIATRIA-CONGRESOS-2001
942 ## - ADDED ENTRY ELEMENTS (KOHA)
Source of classification or shelving scheme Dewey Decimal Classification
Koha item type Hemeroteca
Existencias
Withdrawn status Lost status Fuente de clasificación Damaged status Not for loan Colección Ubicación permanente Ubicación actual Sala de ubicación Fecha de adquisición Total Checkouts Número de clasificación Date last seen Número de ejemplar Price effective from Koha tipo de elemento (item)
    Dewey Decimal Classification     Non-fiction Biblioteca Medicina Biblioteca Medicina Circulación 16/10/2013   CONGRESOS 022 06/11/2014 Ej. 1 16/10/2013 Hemeroteca

UNIVERSIDAD NACIONAL DEL COMAHUE
Biblioteca de la Facultad de Ciencias Médicas
Sede Toschi: Los Arrayanes y Av. Toschi, Cipolletti  - Rio Negro
Sede Los Tordos:  Yrigoyen al 2211, Cipolletti - Rio Negro 

Teléfono: 0299 - 4774707 int 25
Contacto: biblioteca@facimed.uncoma.edu.ar
© 2011 - 2026